000 01426nam a2200265Ia 4500
999 _c55235
_d55235
001 22311
003 GE_BSU
005 20230309160845.0
008 181216s2017||||ge |||||||||||||| ||geo||
020 _a9789941208225
040 _cGE_BSU
041 _ageo
080 _a657.22 გ-82
100 _aგრიგალაშვილი, ლევან
_9870
245 _aსაბუღალტრო აღრიცხვა საჯარო სამართლის სუბიექტებში /
_cლევან გრიგალაშვილი ; სამეცნიერო რედ. ევგენი ბარათაშვილი ; რედ. ბ. ცხადაძე.
264 _aთბილისი :
_bტექნ. უნ-ტი,
_c2017.
300 _a264 გვ. :
_b ცხრ. ;
_c20 სმ.
541 _h9ლ.
653 _aბუღალტერია
653 _aსაბიუჯეტო ორგანიზაციების ბუღალტრული აღრიცხვა
653 _aმუნიციპალიტეტების ბუღალტრული აღრიცხვა
653 _aსაბუღალტრო აღრიცხვა საჯარო სამართლის სუბიექტებში
700 _aცხადაძე, ბ.
_eრედაქტორი
_96516
942 _cBK
_2udc